La mujer y la publicidad / (Record no. 66858)

MARC details
000 -LEADER
campo de control de longitud fija 01236nam a2200289 i 4500
001 - NÚMERO DE CONTROL
campo de control 66858
003 - IDENTIFICADOR DE NÚMERO DE CONTROL
campo de control ES-MaACL
005 - FECHA Y HORA DE LA ÚLTIMA TRANSACCIÓN
campo de control 20250807233241.0
007 - CAMPO FIJO DE DESCRIPCIÓN FÍSICA--INFORMACIÓN GENERAL
campo de control de longitud fija t|
008 - DATOS DE LONGITUD FIJA--INFORMACIÓN GENERAL
campo de control de longitud fija 030911s2003 sp ||||0| spa d
020 ## - NÚMERO INTERNACIONAL ESTÁNDAR DEL LIBRO
Número Internacional Estándar del Libro 84-451-2433-1
080 ## - NÚMERO DE LA CLASIFICACIÓN DECIMAL UNIVERSAL
Número de la Clasificación Decimal Universal 305-055.2:659.1
080 ## - NÚMERO DE LA CLASIFICACIÓN DECIMAL UNIVERSAL
Número de la Clasificación Decimal Universal 305-055.2(05)
245 03 - MENCIÓN DEL TÍTULO
Título La mujer y la publicidad /
Mención de responsabilidad, etc. estudios realizados por C.E.C.U, ACUREMA, Asociación de Consumidores y Usuarios de Madrid.
260 ## - PUBLICACIÓN, DISTRIBUCIÓN, ETC.
Lugar de publicación, distribución, etc. [Madrid] :
Nombre del editor, distribuidor, etc. Comunidad de Madrid, Dirección General de la Mujer,
Fecha de publicación, distribución, etc. 2003.
300 ## - DESCRIPCIÓN FÍSICA
Extensión 121 p. :
Otras características físicas gráf. ;
Dimensiones 22 cm.
490 1# - MENCIÓN DE SERIE
Mención de serie Publicaciones / Dirección General de la Mujer ;
Designación de volumen o secuencia 27
505 8# - NOTA DE CONTENIDO CON FORMATO
Nota de contenido con formato Contiene: La imagen de la mujer en la publicidad ; Los mensajes publicitarios dirigidos a la mujer adolescente
650 #7 - PUNTO DE ACCESO ADICIONAL DE MATERIA--TÉRMINO DE MATERIA
Término de materia o nombre geográfico como elemento de entrada Mujeres en la publicidad
Fuente del encabezamiento o término embne
9 (RLIN) 15340
650 #4 - PUNTO DE ACCESO ADICIONAL DE MATERIA--TÉRMINO DE MATERIA
Término de materia o nombre geográfico como elemento de entrada Publicaciones periódicas femeninas.
9 (RLIN) 16607
710 2# - ENTRADA AGREGADA--NOMBRE DE ENTIDAD CORPORATIVA
Nombre de entidad corporativa o nombre de jurisdicción como elemento de entrada Confederación Estatal de Consumidores y Usuarios.
9 (RLIN) 3159
710 2# - ENTRADA AGREGADA--NOMBRE DE ENTIDAD CORPORATIVA
Nombre de entidad corporativa o nombre de jurisdicción como elemento de entrada Asociación de Consumidores y Usuarios de Madrid.
9 (RLIN) 1575
710 1# - ENTRADA AGREGADA--NOMBRE DE ENTIDAD CORPORATIVA
Nombre de entidad corporativa o nombre de jurisdicción como elemento de entrada Madrid (Comunidad Autónoma).
Unidad subordinada Dirección General de la Mujer.
9 (RLIN) 5615
830 10 - PUNTO DE ACCESO ADICIONAL DE SERIE-TÍTULO UNIFORME
Título uniforme DGM, Dirección General de la Mujer
Designación de volumen o secuencia 27
9 (RLIN) 228545
852 ## - LOCALIZACIÓN
Ubicación ES-MaACL
Número de control de estantería L-27331
Holdings
Estatus retirado Estado de pérdida Estado de daño No para préstamo Biblioteca de origen Biblioteca actual Ubicación en estantería Fecha de adquisición Fuente de adquisición Total de préstamos Signatura topográfica completa Código de barras Visto por última vez Precio de reemplazo Tipo de ítem Koha
        Biblioteca del Ateneo de Madrid Biblioteca del Ateneo de Madrid Depósito 2 17/01/2008     L-27331 1070027 23/02/2023 23/02/2023 Libro impreso